| 000 | 00865nam a2200205Ia 4500 | ||
|---|---|---|---|
| 003 | GCL | ||
| 005 | 20240530095638.0 | ||
| 008 | 140319s9999 xx 000 0 ara d | ||
| 040 |
_aGCL / _cGCL |
||
| 082 | 0 | 4 |
_a305.42 _bم م |
| 110 | _4المركز العربى لاستقلال القضاء والمحاماه | ||
| 245 | 1 | 0 |
_aالمراة والقضاء : _bاعمال حملة الركز بشان تمكين المرأة المصرية من تولى القضاء / _cالمركز العربى لاستقلال القضاء والمحاماه |
| 250 | _aالاولى | ||
| 260 |
_aالقاهرة : _bالمركز العربى لاستقلال القضاء والمحاماة ، _c2006 |
||
| 300 |
_a178 ص ؛ _c25 سم |
||
| 650 | 0 | 4 | _aالمرأة العاملة |
| 650 | 0 | 4 | _aحقوق المرأة |
| 650 | 0 | 4 | _aالمرأة كقاضية |
| 942 |
_2ddc _cBK |
||
| 999 |
_c9149 _d9149 |
||